Quizzes
Events
Quiz Creation
Community
Videos
Private Events
Remove Ads
Sign In
Join for FREE
Feedback
Dark Mode
Quiz Categories
Sports
Geography
Music
Movies
Television
Just For Fun
Miscellaneous
History
Literature
Language
Science
Gaming
Entertainment
Religion
Holiday
For Kids
Quiz Lab
Recent
Popular Today
Quiz Kudos Today
Editor Picks
Curator Picks
Quizzes by...
Day
Popularity
Type
Ratings
Length
Year
Community
Subscriptions
Recent Discussions
Orange Saloon
Badges
Playlists
Quests
Create
Leaderboards
Showdown
Live 5
Trivia Bingo
Activity
Puzzle Library
Sporcle Events
Private Events
Virtual Trivia
Globe League
Become a Host
Pub Owners
SporcleCon
Opinionation
Our Games
Videos
Blog
Mobile Apps
Partnerships
Remove Ads and Go Orange
Feedback
Music
Pop Music
The Beatles
Song
Album
Lyrics
Bands
Singers
Artist
Clip
Rock
Rap
Classical
Billboard
Country Music
Kpop
Taylor Swift
Music
Pop Music
The Beatles
Song
Album
Lyrics
Bands
Singers
Artist
Clip
Rock
Rap
Classical
Billboard
Country Music
Kpop
Taylor Swift
Random Quiz
Search Sporcle
×
Quiz Lab
Quiz Lab
Music
hello
Type in answers that appear in a list
Type in answers that appear in a list
Classic
Best Score? Go Orange.
Hello!Project Members (as of June, 2010) Stats
Can you name the Hello!Project Members (as of June, 2010)?
By
Bonkyux2BOMBGIRL
10m
43 Questions
148 Plays
148 Plays
148 Plays
Comments
Comments
Give Quiz Kudos
Give Quiz Kudos
-
- Ratings
hide this ad
More Info
Replay
Link that replays current quiz
Next Quiz
Link to next quiz in quiz playlist
You Got
0%
They Got
Avg Score
72%
Avg Friend Score
Upgrade to see
Score Distribution
Jump to the score distribution portion of the page
Score
0/43
Timer
10:00
0
Plays Today
Group
Member
% Correct
Morning Musume
Takahashi Ai
98.6%
Morning Musume
Kamei Eri
98%
Morning Musume
Tanaka Reina
97.3%
Morning Musume
JunJun
97.3%
Morning Musume
Linlin
97.3%
Morning Musume
Niigaki Risa
96.6%
Morning Musume
Michishige Sayumi
96.6%
Morning Musume
Mitsui Aika
96.6%
C-
ute
Suzuki Airi
93.9%
Berryz Koubou
Natsuyaki Miyabi
91.2%
C-
ute
Yajima Maimi
91.2%
Berryz Koubou
Sugaya Risako
90.5%
Berryz Koubou
Tsugunaga Momoko
89.9%
Soloist
Mano Erina
89.9%
C-
ute
Okai Chisato
89.2%
C-
ute
Nakajima Saki
88.5%
C-
ute
Hagiwara Mai
88.5%
Berryz Koubou
Kumai Yurina
87.8%
Berryz Koubou
Shimizu Saki
87.2%
S/
mileage
Fukuda Kanon
86.5%
Berryz Koubou
Sudo Maasa
85.1%
S/
mileage
Wada Ayaka
85.1%
Group
Member
% Correct
Berryz Koubou
Tokunaga Chinami
84.5%
S/
mileage
Maeda Yuuka
84.5%
S/
mileage
Ogawa Saki
82.4%
Aa!
Saho Akari
67.6%
Da Xiao Jie
Wu Zhao Xian
64.9%
Da Xiao Jie
Lan Ai Zi
62.8%
Shugo Chara Egg!
Fukumura Mizuki
62.2%
Ice Creamusume
Peipei
55.4%
Shin Minimoni
Miyamoto Karin
52.7%
Ice Creamusume
ReiRei
51.4%
Shin Minimoni
Takeuchi Akari
48%
Ice Creamusume
Guu-chan
45.3%
Shugo Chara Egg!
Tanabe Nanami
44.6%
Ice Creamusume
Shenshen
43.2%
Ice Creamusume
Anchii
41.9%
Ice Creamusume
Youko
41.2%
Shugo Chara Egg!
Maeda Irori
40.5%
SI☆NA
Abe Asami
39.2%
SI☆NA
Suma Ai
33.8%
SI☆NA
Iwashima Manami
23.6%
Other
Jang Da Yeon
17.6%
Quiz Playlist
Details
Report
Send in Message
Add To Playlist
More Info:
Includes H!P Kansai, Taiwan, and Korea.
Classic:
Type in answers that appear in a list
Last Updated: Feb 16, 2017
Quiz Scoreboard
CHALLENGE
Sign Up to Join the Scoreboard
Show All
Scores
Hide
Comments
May contain spoilers
Recently Published
Billboard Blitz: Fleetwood Mac
by CooCooCachoo
Music
15s
Presidents Visiting Landmarks
by Hejman
History
7m
An Introduction to Baseball
by treessimontrees
Sports
5m
More to Explore
Quiz From the Vault
Featured Blog Post
Where Did the Easter Bunny Come From?
hide this ad
You Might Also Like...
Tags
2010
group
hello
Hello Project
June
project
Today's Top Quizzes in Music
Browse Music
hide this ad
Today's Top Quizzes in hello
Browse hello
Top Contributed Quizzes in Music
1
Taylor Swift All Songs (2024)
2
Guess the Artist- 70s Songs
3
7-to-1: Billboard Hot 100 #1 Hits of 2010s
4
Sorting Albums and Songs
5
Taylor Swift Logic Puzzle
6
KPOP LOGIC QUIZ
7
2010s Album by Cover III
8
One Thing in Common: Music
9
Guess the Taylor Swift song (Mystery Song)
10
Guess The Taylor Swift Lyrics Song #1
Explore More
Trending Topics
Kpop
Disney
NBA
Marvel
Anime
Harry Potter
Crossword
Puzzle
Soccer
NFL
Song
The Office
Pokémon
Country
WWE
hide this ad
More By:
Bonkyux2BOMBGIRL
Quiz
Plays
Rating
Category
Featured
Created
Hello!Project Members (as of June, 2010)
148
Music
Jun 5, 2010
Morning Musume Singles
139
5.00
Music
Jun 5, 2010
Morning Musume Single B-Sides
62
Music
Jun 5, 2010
Go to Creator's Profile
Score Distribution
Quiz Creator Spotlight
Bonkyux2BOMBGIRL
Follow
Send a Message
Quizzes Created
-
Created Quiz Play Count
-
More By This Creator
Popular Quizzes Today
1
Find the US States - No Outlines Minefield
2
Find the Countries of Europe - No Outlines Minefield
3
The Countries of the World
4
Find the US States
5
US States
6
Popular People in 1961
7
Risky Map Clicking: Biggest States A-Z
8
Movies - When Are They Set?
More Music Quizzes
Indie Rock Album Covers of the 2000s
Published
Trending Quizzes
Risky Map Clicking: Least Populous States A-Z
1-10 Letter G Words
1-10 Letter F Words
Risky Map Clicking: Next State Alphabetically
Risky Map Clicking: Biggest States A-Z
Recently Updated
Leaping Animals
pecheneg
Reality TV Shows (A-Z)
bhenderson79
Rickey Henderson's Hall of Fame Teammates
pecheneg
Champions League XIs: Arsenal
pecheneg
Quick Pick: Celebrities in WWE's Hall of Fame
aduchscher
A-Z Keypad Blitz II
pecheneg
Multiple Oscar Actors
pecheneg
Mystery Phrase Blitz: Oscar 'Best Actors'
pecheneg
F. Scott Fitzgerald Novels
LTH
Pick 3 Villains
ddd62291
Trending Topics
Crossword
Kpop
NBA
Anime
Disney
Marvel
Harry Potter
Country
The Office
Song
WWE
NFL
Pokémon
Puzzle
Soccer
Your Account Isn't Verified!
In order to create a playlist on Sporcle, you need to verify the email address you used during registration. Go to your
Sporcle Settings
to finish the process.
Report this User
Report this user for behavior that violates our
Community Guidelines
.
Details:
Send Report
Go to the Sporcle.com Mobile Site →
Comments